Indian and world geography : (Record no. 148676)

MARC details
000 -LEADER
fixed length control field 00856nam a22002297a 4500
005 - DATE AND TIME OF LATEST TRANSACTION
control field 20180103113345.0
010 ## - LCCN (DPL NO)
LC control number B-685702
020 ## - INTERNATIONAL STANDARD BOOK NUMBER
Terms of availability 550.00
International Standard Book Number 9789352607785
020 ## - INTERNATIONAL STANDARD BOOK NUMBER
Terms of availability 550.00
International Standard Book Number 9352607783
035 ## - SYSTEM CONTROL NUMBER
System control number B-685702
037 ## - SOURCE OF ACQUISITION
Source of stock number/acquisition Pansy Books/RP/CL
082 ## - DEWEY DECIMAL CLASSIFICATION NUMBER
Classification number 910
100 ## - MAIN ENTRY--PERSONAL NAME
Personal name Husain,Majid
245 ## - TITLE STATEMENT
Title Indian and world geography :
Statement of responsibility, etc by Majid Husain
Remainder of title for Civil Services preliminary and main examinations /
250 ## - EDITION STATEMENT
Edition statement 4th ed
260 ## - PUBLICATION, DISTRIBUTION, ETC. (IMPRINT)
Place of publication, distribution, etc Chennai
Name of publisher, distributor, etc McGraw Hill Education
Date of publication, distribution, etc 2017
270 ## - ADDRESS
Address 444/1, Sri Ekambara Naicker Industrial Estate, Alapakkam, Porur
City Chennai
Postal code 600116
300 ## - PHYSICAL DESCRIPTION
Extent various pagings :
Dimensions 25cm(pbk)
Other physical details ill.,maps
500 ## - GENERAL NOTE
General note Includes bibliographical references
942 ## - ADDED ENTRY ELEMENTS (KOHA)
Source of classification or shelving scheme Dewey Decimal Classification
Item type English Books
Call number suffix MAJ
Classification part 910
Holdings
Withdrawn status Lost status Not for loan Collection code Home library Current library Date acquired Source of acquisition Cost, normal purchase price Full call number Barcode Copy number Cost, replacement price Koha item type
      Non-fiction Central Library Central Library 02/01/2018 Pansy Books/1708/22.12.17/RP6/21.12.17/30.12.17 550.00 910 MAJ B-685702 1 550.00 English Books

© Delhi Public Library
Hit Counter
free hit counter